| 000 | 00626nam a2200241 a 4500 | ||
|---|---|---|---|
| 999 |
_c452 _d452 |
||
| 001 | 452 | ||
| 003 | BD-JhCC | ||
| 005 | 20210329134018.0 | ||
| 008 | 171005s20012006ii |||| ||a| 001 0 eng d | ||
| 020 | _a8187233729 | ||
| 035 | _a(BD-JhCC)452 | ||
| 040 |
_aBD-JhCC _dBD-JhCC |
||
| 041 | _aeng | ||
| 082 |
_a898.20943 _bGRI 2006 |
||
| 100 | _aGrimm's | ||
| 245 |
_aGrimm's Fairy Tales / _c _bGrimm's |
||
| 260 |
_aNew Delhi : _bEfficient Offset Printers; _c2006 |
||
| 300 |
_a208 p. : _c20cm. _bill. ; |
||
| 490 | _aInfinity's Illustrated Classics | ||
| 650 | _aFairy tales | ||
| 942 |
_2ddc _cBK _02 |
||